ბათუმის შოთა რუსთაველის სახელმწიფო უნივერსიტეტის ბიბლიოთეკა

Когнитивная наука : Основы психологии познания. том 1 : (ბიბ.ჩანაწერი № 54269)

000 -LEADER
fixed length control field 01039nam a2200277Ia 4500
001 - CONTROL NUMBER
control field 21325
003 - CONTROL NUMBER IDENTIFIER
control field GE_BSU
005 - DATE AND TIME OF LATEST TRANSACTION
control field 20210911183647.0
008 - FIXED-LENGTH DATA ELEMENTS--GENERAL INFORMATION
fixed length control field 181216s2017||||ru |||||||||||||| ||rus||
020 ## - INTERNATIONAL STANDARD BOOK NUMBER
International Standard Book Number 978599169460
040 ## - CATALOGING SOURCE
Transcribing agency GE_BSU
041 ## - LANGUAGE CODE
Language code of text/sound track or separate title rus
080 ## - UNIVERSAL DECIMAL CLASSIFICATION NUMBER
Universal Decimal Classification number 159.95(075.8) В-27
100 ## - MAIN ENTRY--PERSONAL NAME
Personal name Величковский, Б. М.
9 (RLIN) 12465
245 ## - TITLE STATEMENT
Title Когнитивная наука : Основы психологии познания. том 1 :
Remainder of title Уч-к для бакалавриата и магистратуры /
Statement of responsibility, etc. Б. М. Величковский.
250 ## - EDITION STATEMENT
Edition statement 2-е издание исправл. и дополн.
264 ## - PRODUCTION, PUBLICATION, DISTRIBUTION, MANUFACTURE, AND COPYRIGHT NOTICE
Place of production, publication, distribution, manufacture Москва :
Name of producer, publisher, distributor, manufacturer Юрайт,
Date of production, publication, distribution, manufacture, or copyright notice 2017.
300 ## - PHYSICAL DESCRIPTION
Extent 446 стр. ;
Dimensions 24 см.
520 ## - SUMMARY, ETC.
Summary, etc. Парал. загл. на англ. яз.
653 ## - INDEX TERM--UNCONTROLLED
keyword Когнитивная наука
653 ## - INDEX TERM--UNCONTROLLED
keyword Основы психологии познания том 1
653 ## - INDEX TERM--UNCONTROLLED
keyword Психология
653 ## - INDEX TERM--UNCONTROLLED
keyword ფსიქოლოგია
942 ## - ADDED ENTRY ELEMENTS (KOHA)
Koha item type წიგნი
Source of classification or shelving scheme
ეგზემპლარები
Withdrawn status Lost status Source of classification or shelving scheme Damaged status Not for loan Permanent Location Current Location Shelving location Date acquired Cost, normal purchase price Full call number Barcode Date last seen Copy number Price effective from Koha item type Public note
          ბათუმის შოთა რუსთაველის სახელმწიფო უნივერსიტეტის მთავარი ბიბლიოთეკა ბათუმის შოთა რუსთაველის სახელმწიფო უნივერსიტეტის მთავარი ბიბლიოთეკა წიგნსაცავი 2018-12-17 123.00 159.95(075.8) В-27 55243 2018-12-17 55243 2018-12-17 წიგნი 123.00 GEL.